000 00609nam a22002057a 4500
005 20251108164214.0
008 250721s1996 xx 000 0 ara d
082 1 4 _a618.3/لوز
100 1 _aاللوزي، منى فايز
245 1 0 _aالإجهاض :
_bالإجهاض الممرض الجنائي و الدوائي طبياً - قانونيا ً- فقهياً /
246 1 1 _aThe abortion
264 _c1996.
300 _a545ص
650 1 7 _aالطب
650 1 7 _aالأمراض
650 1 7 _aالأمراض النسائية
650 1 7 _aالإجهاض
942 _2ddc
_cBK
999 _c6313
_d6313